LEADER 01117nam0 22002771i 450 001 VAN0009503 005 20050914120000.0 010 $a88-348-0494-5 100 $a20021114d2000 |0itac50 ba 101 $aita 102 $aIT 105 $a|||| ||||| 200 1 $aProfili giuridici della nuova amministrazione pubblica$eorganizzare per autonomie e diritti dei cittadini$fSebastiano Licciardello 210 $aTorino$cGiappichelli$dc2000 215 $a340 p.$d23 cm. 606 $aAmministrazione pubblica$xOrganizzazione$3VANC000796$2FI 620 $dTorino$3VANL000001 676 $a350.0073$v21 700 1$aLicciardello$bSebastiano$3VANV001071$0313336 712 $aGiappichelli $3VANV107921$4650 801 $aIT$bSOL$c20230707$gRICA 899 $aBIBLIOTECA DEL DIPARTIMENTO DI GIURISPRUDENZA$1IT-CE0105$2VAN00 912 $aVAN0009503 950 $aBIBLIOTECA DEL DIPARTIMENTO DI GIURISPRUDENZA$d00CONS IV.Ea.35 $e00 210600220 20021114 996 $aProfili giuridici della nuova amministrazione pubblica$9207077 997 $aUNICAMPANIA